<?xml version="1.0" encoding="UTF-8"?>
<record
    xmlns:xsi="http://www.w3.org/2001/XMLSchema-instance"
    xsi:schemaLocation="http://www.loc.gov/MARC21/slim http://www.loc.gov/standards/marcxml/schema/MARC21slim.xsd"
    xmlns="http://www.loc.gov/MARC21/slim">

  <leader>00983nam a2200253 a 4500</leader>
  <controlfield tag="001">68923</controlfield>
  <controlfield tag="003">BD-RjUL</controlfield>
  <controlfield tag="005">20211209081829.0</controlfield>
  <controlfield tag="008">170408s2000    bg a|||| b||| 00| 0 ben d</controlfield>
  <datafield tag="020" ind1=" " ind2=" ">
    <subfield code="a">9840739468</subfield>
    <subfield code="c">250.00</subfield>
  </datafield>
  <datafield tag="035" ind1=" " ind2=" ">
    <subfield code="a">(BD-RjUL)69134</subfield>
  </datafield>
  <datafield tag="040" ind1=" " ind2=" ">
    <subfield code="a">BD-RjUL</subfield>
    <subfield code="b">ben</subfield>
    <subfield code="c">BD-RjUL</subfield>
  </datafield>
  <datafield tag="041" ind1=" " ind2=" ">
    <subfield code="a">ben</subfield>
  </datafield>
  <datafield tag="082" ind1=" " ind2=" ">
    <subfield code="2">23</subfield>
    <subfield code="a">539.7</subfield>
    <subfield code="b">ISP 2000</subfield>
  </datafield>
  <datafield tag="100" ind1=" " ind2=" ">
    <subfield code="a">&#x987;&#x9B8;&#x9B2;&#x9BE;&#x9AE;, &#x9B8;&#x9BF;&#x9B0;&#x9BE;&#x99C;&#x9C1;&#x9B2; &#x997;&#x9BE;&#x99C;&#x9C0;</subfield>
    <subfield code="9">122941</subfield>
  </datafield>
  <datafield tag="245" ind1="1" ind2="0">
    <subfield code="a">&#x9AA;&#x9BE;&#x9B0;&#x9AE;&#x9BE;&#x9A3;&#x9AC;&#x9BF;&#x995; &#x98F;&#x9AC;&#x982; &#x9A8;&#x9BF;&#x989;&#x995;&#x9CD;&#x9B2;&#x9BF;&#x9AF;&#x9BC; &#x9AA;&#x9A6;&#x9BE;&#x9B0;&#x9CD;&#x9A5;&#x9AC;&#x9BF;&#x99C;&#x9CD;&#x99E;&#x9BE;&#x9A8; /</subfield>
    <subfield code="c">&#x997;&#x9BE;&#x99C;&#x9C0; &#x9B8;&#x9BF;&#x9B0;&#x9BE;&#x99C;&#x9C1;&#x9B2; &#x987;&#x9B8;&#x9B2;&#x9BE;&#x9AE;</subfield>
  </datafield>
  <datafield tag="260" ind1=" " ind2=" ">
    <subfield code="a">&#x9A2;&#x9BE;&#x995;&#x9BE; :</subfield>
    <subfield code="b">&#x9AC;&#x9BE;&#x982;&#x9B2; &#x98F;&#x995;&#x9BE;&#x9A1;&#x9C7;&#x9AE;&#x9C0;,</subfield>
    <subfield code="c">&#x9E8;&#x9E6;&#x9E6;&#x9E6;</subfield>
  </datafield>
  <datafield tag="300" ind1=" " ind2=" ">
    <subfield code="a">&#x996;&#x9A8;&#x9CD;&#x9A1;. </subfield>
    <subfield code="c">&#x9E8;&#x9E8; &#x9B8;&#x9C7;&#x9AE;&#x9BF;.</subfield>
  </datafield>
  <datafield tag="504" ind1=" " ind2=" ">
    <subfield code="a">&#x997;&#x9CD;&#x9B0;&#x9A8;&#x9CD;&#x9A5;&#x9AA;&#x9A8;&#x9CD;&#x99C;&#x9BF; &#x9B8;&#x982;&#x9AF;&#x9C1;&#x995;&#x9CD;&#x9A4;</subfield>
  </datafield>
  <datafield tag="505" ind1="0" ind2=" ">
    <subfield code="a">&#x996;&#x9A8;&#x9CD;&#x9A1;-&#x9E8;</subfield>
  </datafield>
  <datafield tag="650" ind1=" " ind2=" ">
    <subfield code="a">&#x9AA;&#x9BE;&#x9B0;&#x9AE;&#x9BE;&#x9A3;&#x9AC;&#x9BF;&#x995; &#x9AA;&#x9A6;&#x9BE;&#x9B0;&#x9CD;&#x9A5;&#x9AC;&#x9BF;&#x99C;&#x9CD;&#x99E;&#x9BE;&#x9A8;</subfield>
    <subfield code="9">137379</subfield>
  </datafield>
  <datafield tag="650" ind1=" " ind2=" ">
    <subfield code="a">Nuclear physics</subfield>
    <subfield code="9">116600</subfield>
  </datafield>
  <datafield tag="942" ind1=" " ind2=" ">
    <subfield code="2">ddc</subfield>
    <subfield code="c">BK</subfield>
  </datafield>
  <datafield tag="999" ind1=" " ind2=" ">
    <subfield code="c">68923</subfield>
    <subfield code="d">68923</subfield>
  </datafield>
  <datafield tag="952" ind1=" " ind2=" ">
    <subfield code="0">0</subfield>
    <subfield code="1">0</subfield>
    <subfield code="2">ddc</subfield>
    <subfield code="4">0</subfield>
    <subfield code="7">1</subfield>
    <subfield code="8">NFIC</subfield>
    <subfield code="a">RUCL</subfield>
    <subfield code="b">RUCL</subfield>
    <subfield code="c">Reading</subfield>
    <subfield code="d">2000-09-19</subfield>
    <subfield code="e">Author</subfield>
    <subfield code="g">250.00</subfield>
    <subfield code="l">0</subfield>
    <subfield code="o">B 539.7 ISP V-2 2000</subfield>
    <subfield code="r">2017-04-08 00:00:00</subfield>
    <subfield code="t">C-1</subfield>
    <subfield code="w">2021-12-09</subfield>
    <subfield code="y">BK</subfield>
  </datafield>
</record>
